00688 2200193 4500001002100000005001500021035002000036007000300056008004100059020000600100082001100106084001700117100002100134245021200155250000600367260003400373300005000407650003700457INLIS00000000000339820250917084721 a0010-0925000409ta250917 g 0 ind  a- a658.57 a658.57 EKA l0 aEka Nur Khasanah1 aLaporan Aktualisasi Nilai-Nilai Dasar Profesi ASN Optimalisasi Proses Pengelolaan Keuangan Pada Dinas Komunikasi Dan Informatika Provinsi Kalimantan Utara :bLaporan Aktualisasi /cEka Nur Khasanah (Penulis) a- aTanjung Selor :bBPSDM,c2018 aix, 33 hlm :bIlustrasi, Teks, Tabel ;c30 cm 4aManejemen Riset dan Pengembangan